ბათუმის შოთა რუსთაველის სახელმწიფო უნივერსიტეტის ბიბლიოთეკა

ფისკალური და მონეტარული პოლიტიკის კოორდინაციის მნიშვნელობა საქართველოს გარდამავალ ეკონომიკაში / (ბიბ.ჩანაწერი № 58992)

000 -ლიდერი
ფიქსირებული სიგრძის საკონტროლო ველი 01477nam a22002537a 4500
003 - საკონტროლო ნომრის იდენტიფიკატორი
საკონტროლო ველი Ge_BSU
005 - ბოლო ოპერაციის თარიღი და დრო
საკონტროლო ველი 20221027160352.0
008 - ფიქსირებული სიგრძის მონაცემთა ელემენტები - ზოგადი ინფორმაცია
ფიქსირებული სიგრძის საკონტროლო ველი 221027s2009 ge ||||| |||| 00| 0 geo d
020 ## - წიგნის საერთაშორისო სტანდარტული ნომერი
International Standard Book Number 9789941125379
041 ## - ენის კოდი
Language code of text/sound track or separate title geo
080 ## - უნივერსალური ათობითი კლასიფიკაციის ინდექსი
Universal Decimal Classification number 336 ბ-83
100 ## - მთავარი ჩანაწერი - პიროვნების სახელი
Personal name ბოლქვაძე, ბესიკ
9 (RLIN) 1967
245 ## - ცნობა სათაურის შესახებ
Title ფისკალური და მონეტარული პოლიტიკის კოორდინაციის მნიშვნელობა საქართველოს გარდამავალ ეკონომიკაში /
Statement of responsibility, etc ბესიკ ბოლქვაძე ; [სამეცნ. რედ. ვლადიმერ პაპავა].
264 ## - წარმოების, გამოცემის, დისტრიბუციის და სხვა ცნობები
გამოცემის, წარმოების, დისტრიბუციის... ადგილი თბილისი :
გამოცემის, წარმოების, დისტრიბუციის... სახელწოდება უნივერსალი,
გამოცემის, წარმოების, დისტრიბუციის... თარიღი 2009.
300 ## - ფიზიკური აღწერა
Extent 256გვ. :
Other physical details ცხრ., ნახ. ;
Dimensions 20სმ.
500 ## - ზოგადი შენიშვნა
General note შენიშვნ. და გვ. 239-254.
504 ## - BIBLIOGRAPHY, ETC. NOTE
Bibliography, etc ბიბლიოგრ. ტექსტ.
520 ## - SUMMARY, ETC.
Summary, etc რეზ. ინგლ.
653 ## - INDEX TERM--UNCONTROLLED
Uncontrolled term საბიუჯეტო-საგადასახადო პოლიტიკა საქართველოში
653 ## - INDEX TERM--UNCONTROLLED
Uncontrolled term ფულად-საკრედიტო პოლიტიკა საქართველოში.
653 ## - INDEX TERM--UNCONTROLLED
Uncontrolled term გარდამავალი ეკონომიკა
700 ## - ADDED ENTRY--PERSONAL NAME
Personal name პაპავა, ვლადიმერ
Relator term რედაქტორი
9 (RLIN) 15601
942 ## - ADDED ENTRY ELEMENTS (KOHA)
Source of classification or shelving scheme
Koha item type წიგნი
ეგზემპლარები
ჩამოწერის სტატუსი დაკარგული ეგზემპლარის სტატუსი კლასიფიკაციის წყარო ან თაროზე გაწყობის სქემა დაზიანების სტატუსი არ გაიცემა მუდმივი მდებარეობა (დაცვის ადგილი) ამჟამინდელი ადგილსამყოფელი თაროზე განთავსების ადგილი შეძენის თარიღი ღირებულება, შესყიდვის ნორმალური ფასი სრული შენახვის შიფრი შტრიხკოდი ბოლო ოპერაციის თარიღი ეგზემპლარის მიმდევრობითი ნომერი (კეტერი?) ფასის ძალაში შესვლის თარიღი ეგზემპლარის სახეობა საჯარო შენიშვნა
          ბათუმის შოთა რუსთაველის სახელმწიფო უნივერსიტეტის მთავარი ბიბლიოთეკა ბათუმის შოთა რუსთაველის სახელმწიფო უნივერსიტეტის მთავარი ბიბლიოთეკა წიგნსაცავი 2022-10-27 12.00 336 ბ-83 28799 2022-10-27 28799 2022-10-27 წიგნი 12 ლ.
          ბათუმის შოთა რუსთაველის სახელმწიფო უნივერსიტეტის მთავარი ბიბლიოთეკა ბათუმის შოთა რუსთაველის სახელმწიფო უნივერსიტეტის მთავარი ბიბლიოთეკა წიგნსაცავი 2025-04-29 10.00 336 ბ-83 71288 2025-04-29 71288 2025-04-29 წიგნი 10 ლ.
          ბათუმის შოთა რუსთაველის სახელმწიფო უნივერსიტეტის მთავარი ბიბლიოთეკა ბათუმის შოთა რუსთაველის სახელმწიფო უნივერსიტეტის მთავარი ბიბლიოთეკა წიგნსაცავი 2025-04-29 10.00 336 ბ-83 71289 2025-04-29 71289 2025-04-29 წიგნი 10 ლ.